000 00693nam a2200205 i 4500
001 46950
003 ES-MaACL
005 20250829062529.0
007 t|
008 030402s1982 sp |||| | spa d
100 1 _aCires Suárez, Efrén.
_938883
245 1 0 _aContabilidad financiera y de sociedades /
_cpreparada por Efrén Cires Suárez.
260 _a[Madrid] :
_bUniversidad Nacional de Educación a Distancia,
_c[1982]
300 _a1 v. (pag. var.) ;
_c30 cm.
650 0 4 _aContabilidad.
_911307
650 0 4 _aSociedades-
_xContabilidad.
_917178
710 2 _aUniversidad Nacional de Educación a Distancia (España)
_97405
852 _aES-MaACL
_jL-3246
999 _c46950
_d46950